Análisis turístico de Jacó del cantón de Garabito (Registro nro. 6583)
[ vista simple ]
| 000 -LEADER | |
|---|---|
| fixed length control field | 00898nmm a22003257a 4500 |
| 005 - DATE AND TIME OF LATEST TRANSACTION | |
| control field | 20170209143024.0 |
| 008 - FIXED-LENGTH DATA ELEMENTS--GENERAL INFORMATION | |
| fixed length control field | 150727b xxu||||| |||| 00| 0 spa d |
| 041 ## - LANGUAGE CODE | |
| Language code of text/sound track or separate title | spa |
| 082 ## - DEWEY DECIMAL CLASSIFICATION NUMBER | |
| Classification number | GT 21 |
| 100 ## - MAIN ENTRY--AUTHOR NAME | |
| Personal name | Astorga Coto, María Laura |
| 100 ## - MAIN ENTRY--AUTHOR NAME | |
| Personal name | Calderón Calvo, José Alberto |
| 100 ## - MAIN ENTRY--AUTHOR NAME | |
| Personal name | Cordero Vargas, Natalia |
| 100 ## - MAIN ENTRY--AUTHOR NAME | |
| Personal name | Sanabria Zúñiga, Jahaira |
| 245 ## - TITLE STATEMENT | |
| Title | Análisis turístico de Jacó del cantón de Garabito |
| 260 ## - PUBLICATION, DISTRIBUTION, ETC. (IMPRINT) | |
| Year of publication | 2007 |
| 300 ## - PHYSICAL DESCRIPTION | |
| Number of Pages | 179 páginas |
| 502 ## - DISSERTATION NOTE | |
| Dissertation note | GT |
| 650 ## - SUBJECT ADDED ENTRY--TOPICAL TERM | |
| Topical Term | CANTÓN DE GARABITO |
| 650 ## - SUBJECT ADDED ENTRY--TOPICAL TERM | |
| Topical Term | COSTA RICA |
| 650 ## - SUBJECT ADDED ENTRY--TOPICAL TERM | |
| Topical Term | JACÓ |
| 650 ## - SUBJECT ADDED ENTRY--TOPICAL TERM | |
| Topical Term | HISTORIA |
| 650 ## - SUBJECT ADDED ENTRY--TOPICAL TERM | |
| Topical Term | POBLACIÓN |
| 650 ## - SUBJECT ADDED ENTRY--TOPICAL TERM | |
| Topical Term | HIDROGRAFÍA |
| 650 ## - SUBJECT ADDED ENTRY--TOPICAL TERM | |
| Topical Term | CLIMA |
| 650 ## - SUBJECT ADDED ENTRY--TOPICAL TERM | |
| Topical Term | FLORA |
| 650 ## - SUBJECT ADDED ENTRY--TOPICAL TERM | |
| Topical Term | FAUNA |
| 650 ## - SUBJECT ADDED ENTRY--TOPICAL TERM | |
| Topical Term | LEYES |
| 650 ## - SUBJECT ADDED ENTRY--TOPICAL TERM | |
| Topical Term | ATRACTIVOS TURÍSTICOS |
| 942 ## - ADDED ENTRY ELEMENTS (KOHA) | |
| Koha item type | Geografía Turística |
| Withdrawn status | Lost status | Damaged status | Not for loan | Home library | Current library | Date acquired | Precio de compra | Total Checkouts | Full call number | Accession Number | Date last seen | Date checked out | Price effective from | Koha item type |
|---|---|---|---|---|---|---|---|---|---|---|---|---|---|---|
| Departamento de Biblioteca y Documentación Alfonso Chase Brenes | Departamento de Biblioteca y Documentación Alfonso Chase Brenes | 05/01/2017 | 62720.00 | 2 | GT 21 | GT21 | 10/01/2019 | 15/03/2018 | 05/01/2017 | Geografía Turística |